000 00453cam a2200193ua 4500
001 3257
008 111013n ii |||gr||||Z||||||asm
020 _a81-86827-63-3
040 _cMAIN
082 _a891.4513
100 _aBaruah, Kanchan,
245 1 1 _aPuati tora
_cby Kanchan Baruah
250 _a8th.
260 _aGuahati:
_bJyoti Prakashan,
_c2001.
300 _a194p:
_c23cm.
653 _aAssamese novel
653 _aPuati tora
942 _cBK
999 _c3102
_d3102